| 000 | 00454nam a22001457a 4500 | ||
|---|---|---|---|
| 005 | 20211126094956.0 | ||
| 008 | 211126b ||||| |||| 00| 0 eng d | ||
| 040 | _cAIMIT LIBRARY | ||
| 082 | _a658.7 AGAK | ||
| 100 |
_aAgarwal, Kapil; Dawar, Sanjay. _eAuthor _qKapil Agarwal; Sanjay Dawar. _910867 |
||
| 245 | _aCollaboration and Best Practices in Supply Chain Management. | ||
| 260 |
_aNew Delhi _bExcel Multimedia |
||
| 650 | _2AIMA | ||
| 942 |
_2ddc _cCD |
||
| 999 |
_c220788 _d220788 |
||